[Event "Bouches du Rhone-ch 0203"]
[Site "Provence"]
[Date "2002.11.23"]
[Round "3"]
[White "Vella, Cedric"]
[Black "Gaudino, Frederic"]
[Result "1-0"]
[WhiteElo "1890"]
[BlackElo "1670"]
[PlyCount "75"]
[EventDate "2002.10.??"]
[EventType "swiss"]
[EventRounds "9"]
[EventCountry "FRA"]
[SourceTitle "EXT 2005"]
[Source "ChessBase"]
[SourceDate "2004.11.15"]
[SourceVersion "1"]
[SourceVersionDate "2004.11.15"]
[SourceQuality "1"]

1. e4 c5 2. Nf3 d6 3. d4 cxd4 4. Nxd4 Nf6 5. Nc3 a6 6. Be2 e6 7. Be3 Be7 8. Qd2 0-0 9. f3 Bd7 10. 0-0-0 Nc6 11. g4 Ne8 12. Kb1 b5 13. Rdg1 Na5 14. h4 Nc4 15. Bxc4 bxc4 16. g5 Rb8 17. h5 Qa5 18. Nd5 Qd8 19. Nxe7+ Qxe7 20. g6 Nf6 21. gxh7+ Kh8 22. Qg2 Ne8 23. Bg5 f6 24. Bc1 a5 25. Rh3 a4 26. f4 Bc8 27. h6 Rb7 28. Rg3 Rf7 29. f5 e5 30. Ne2 Qc7 31. Nc3 a3 32. Nd5 Qc5 33. hxg7+ Rxg7 34. Qh2 Rxg3 35. Rxg3 Rxh7 36. Qg2 Rg7 37. Rxg7 Nxg7 38. Nxf6 1-0

[Event "FRA-ch op-C"]
[Site "Val d'Isere"]
[Date "2002.??.??"]
[Round "1.3"]
[White "Gaudino, Frederic"]
[Black "Stojanovic, Dimitri"]
[Result "1-0"]
[WhiteElo "1700"]
[BlackElo "1450"]
[PlyCount "41"]
[EventDate "2002.08.20"]
[EventType "swiss"]
[EventRounds "11"]
[EventCountry "FRA"]
[SourceTitle "EXT 2003"]
[Source "ChessBase"]
[SourceDate "2002.11.25"]
[SourceVersion "1"]
[SourceVersionDate "2002.11.25"]
[SourceQuality "1"]

1. e4 c5 2. f4 d6 3. Nf3 Nc6 4. Bb5 Bd7 5. Nc3 e6 6. 0-0 Nf6 7. d3 d5 8. Qe2 a6 9. Bxc6 Bxc6 10. Bd2 Be7 11. e5 Nd7 12. Rae1 0-0 13. Nd1 b6 14. Ne3 Re8 15. Qf2 d4 16. Nd1 Bxf3 17. Qxf3 Qc7 18. Nf2 Bh4 19. g3 Be7 20. Ne4 Qc6 21. Nf6+ 1-0

[Event "FRA-ch op-C"]
[Site "Val d'Isere"]
[Date "2002.??.??"]
[Round "2.3"]
[White "Netzer, Jacques"]
[Black "Gaudino, Frederic"]
[Result "0-1"]
[WhiteElo "1540"]
[BlackElo "1700"]
[PlyCount "72"]
[EventDate "2002.08.20"]
[EventType "swiss"]
[EventRounds "11"]
[EventCountry "FRA"]
[SourceTitle "EXT 2003"]
[Source "ChessBase"]
[SourceDate "2002.11.25"]
[SourceVersion "1"]
[SourceVersionDate "2002.11.25"]
[SourceQuality "1"]

1. e4 e5 2. Nf3 Nf6 3. Nxe5 d6 4. Nf3 Nxe4 5. d3 Nf6 6. g3 Be7 7. Bg2 0-0 8. 0-0 Nbd7 9. Bf4 Nc5 10. Nc3 Bg4 11. Qd2 Ne6 12. Rfe1 c6 13. Qe3 Bxf3 14. Qxf3 d5 15. Bd2 Bd6 16. h4 Nd7 17. Bh3 Nd4 18. Qg4 Ne5 19. Rxe5 Bxe5 20. Re1 Bf6 21. Ne2 Nxe2+ 22. Rxe2 Re8 23. Rxe8+ Qxe8 24. b3 Qe7 25. c4 Rd8 26. Be3 b6 27. h5 dxc4 28. dxc4 c5 29. h6 g6 30. Qf4 Qd6 31. Qe4 Qe7 32. Qf3 Bg5 33. Bxg5 Qxg5 34. Qe3 Qxe3 35. fxe3 Rd1+ 36. Kf2 Rd2+ 0-1